| 000 | 00518cam a22001577a 4500 | ||
|---|---|---|---|
| 008 | 180718b1987 xxu||||| |||| 00| 0 eng d | ||
| 082 | _aT2196x54 V99d | ||
| 100 | _aVyasulu, Vinod | ||
| 245 |
_aDevelopment of backward areas: decentralized production and regional development _cby V. Vyasulu |
||
| 260 |
_aDelhi _bYatan _c1987 |
||
| 300 | _axi, 188p. | ||
| 650 | _aIndia --Economic conditions --1947- | ||
| 650 | _aRegional planning --India | ||
| 650 | _aIndustries --Size --India | ||
| 650 | _aSmall business --India | ||
| 999 |
_c356131 _d356131 |
||